[Event "Bosnjaci op 19th"]
[Site "Bosnjaci"]
[Date "2014.01.04"]
[Round "3"]
[White "Kovacevic, Blazimir"]
[Black "Sribar, Peter"]
[Result "1-0"]
[WhiteElo "2449"]
[BlackElo "2047"]
[PlyCount "51"]
[EventDate "2014.01.03"]
[EventType "swiss"]
[EventRounds "9"]
[EventCountry "CRO"]
[SourceTitle "CBM 158 Extra"]
[Source "ChessBase"]
[SourceDate "2014.02.28"]
[SourceVersion "1"]
[SourceVersionDate "2014.02.28"]
[SourceQuality "1"]

1. c4 Nf6 2. Nf3 e6 3. g3 d5 4. Bg2 Be7 5. 0-0 0-0 6. d4 c6 7. Qc2 Nbd7 8. Nbd2 h6 9. Rd1 b6 10. e4 dxe4 11. Nxe4 Nxe4 12. Qxe4 Bb7 13. Bf4 Nf6 14. Qe2 Re8 15. Ne5 Qc8 16. c5 bxc5 17. dxc5 Nd5 18. Bxh6 gxh6 19. Qh5 Rf8 20. Qxh6 f5 21. Qg6+ Kh8 22. Bxd5 exd5 23. Re1 Bf6 24. Nf7+ Rxf7 25. Qxf7 Qf8 26. Qxb7 1-0

[Event "Hum na Sutli op 6th"]
[Site "Hum na Sutli"]
[Date "2012.09.14"]
[Round "8"]
[White "Martinovic, Sasa"]
[Black "Sribar, Peter"]
[Result "1-0"]
[WhiteElo "2517"]
[BlackElo "2140"]
[PlyCount "61"]
[EventDate "2012.09.07"]
[EventType "swiss"]
[EventRounds "9"]
[EventCountry "CRO"]
[SourceTitle "CBM 150 Extra"]
[Source "ChessBase"]
[SourceDate "2012.10.19"]
[SourceVersion "1"]
[SourceVersionDate "2012.10.19"]
[SourceQuality "1"]

1. d4 d5 2. c4 e6 3. Nc3 Be7 4. cxd5 exd5 5. Bf4 Nf6 6. e3 0-0 7. Bd3 c6 8. Qc2 Nbd7 9. g4 Qa5 10. Nge2 c5 11. g5 Ne4 12. Bxe4 dxe4 13. d5 f5 14. d6 Bd8 15. 0-0-0 Nb6 16. Qb3+ c4 17. Qb5 Qxb5 18. Nxb5 Bd7 19. Nec3 a6 20. Nc7 Rc8 21. Rd4 Kf7 22. h4 h5 23. Rhd1 g6 24. R1d2 Rg8 25. Nb1 Rg7 26. Na3 Kg8 27. Nxc4 Nxc4 28. Rxc4 Bb5 29. Rc3 Bd3 30. Ne6 Rxc3+ 31. bxc3 1-0

[Event "Hum na Sutli op 6th"]
[Site "Hum na Sutli"]
[Date "2012.09.11"]
[Round "5"]
[White "Struklec, Milan"]
[Black "Sribar, Peter"]
[Result "0-1"]
[WhiteElo "1796"]
[BlackElo "2140"]
[PlyCount "84"]
[EventDate "2012.09.07"]
[EventType "swiss"]
[EventRounds "9"]
[EventCountry "CRO"]
[SourceTitle "CBM 150 Extra"]
[Source "ChessBase"]
[SourceDate "2012.10.19"]
[SourceVersion "1"]
[SourceVersionDate "2012.10.19"]
[SourceQuality "1"]

1. e4 c5 2. c4 Nc6 3. a3 g6 4. Nf3 Bg7 5. Bd3 e6 6. 0-0 Nge7 7. Ra2 0-0 8. b3 d5 9. cxd5 exd5 10. exd5 Nxd5 11. Bc4 Nb6 12. d3 Bf5 13. Be3 Nd4 14. Nbd2 Nd5 15. Bxd4 cxd4 16. Bxd5 Qxd5 17. Nc4 b5 18. Nb2 Rac8 19. a4 a6 20. axb5 axb5 21. Nd2 Rc3 22. Qb1 Re8 23. Re1 Rec8 24. f3 Bh6 25. Nd1 Rc1 26. Qb2 Bxd3 27. Qa3 Be3+ 28. Kh1 Kg7 29. Nf1 Bf4 30. Ng3 Re8 31. Rg1 Rb1 32. Ne4 Rxb3 33. Qa5 Bxe4 34. fxe4 Qxe4 35. Nf2 Qd5 36. Raa1 d3 37. Rad1 d2 38. Rgf1 Re2 39. Kg1 Be3 40. Qa1+ Bd4 41. Qa2 Bxf2+ 42. Rxf2 Re1+ 0-1

[Event "Zagreb op-B"]
[Site "Zagreb"]
[Date "2012.03.07"]
[Round "3"]
[White "Sribar, Peter"]
[Black "Havas, Ladislav"]
[Result "1/2-1/2"]
[WhiteElo "2170"]
[BlackElo "2257"]
[PlyCount "50"]
[EventDate "2012.03.05"]
[EventType "swiss"]
[EventRounds "9"]
[EventCountry "CRO"]
[SourceTitle "CBM 147 Extra"]
[Source "ChessBase"]
[SourceDate "2012.04.24"]
[SourceVersion "1"]
[SourceVersionDate "2012.04.24"]
[SourceQuality "1"]

1. d4 Nf6 2. Nf3 g6 3. Nc3 d5 4. Bf4 Bg7 5. e3 0-0 6. Be2 Bf5 7. Ne5 c6 8. g4 Be6 9. h4 Ne4 10. Nxe4 dxe4 11. g5 Nd7 12. Nxd7 Qxd7 13. c4 b5 14. c5 a5 15. h5 Rfd8 16. Qc2 Qd5 17. b3 Ra7 18. Kf1 Bf5 19. Kg2 Rf8 20. a4 Bxd4 21. exd4 e3+ 22. Bf3 Qxf3+ 23. Kxf3 Bxc2 24. axb5 cxb5 25. b4 exf2 1/2-1/2

[Event "Bosnjaci op 17th"]
[Site "Bosnjaci"]
[Date "2012.01.05"]
[Round "4"]
[White "Saric, Sinisa"]
[Black "Sribar, Peter"]
[Result "1-0"]
[WhiteElo "2472"]
[BlackElo "2142"]
[PlyCount "43"]
[EventDate "2012.01.03"]
[EventType "swiss"]
[EventRounds "9"]
[EventCountry "CRO"]
[SourceTitle "CBM 146 Extra"]
[Source "ChessBase"]
[SourceDate "2012.02.29"]
[SourceVersion "1"]
[SourceVersionDate "2012.02.29"]
[SourceQuality "1"]

1. d4 d5 2. c4 e6 3. Nc3 f5 4. e3 Nf6 5. Qc2 c6 6. Bd3 Bd6 7. f3 Qc7 8. Nge2 Nbd7 9. g3 dxc4 10. Bxc4 Nb6 11. Bd3 Bd7 12. Bd2 0-0-0 13. 0-0-0 Kb8 14. Kb1 Rhe8 15. Rc1 g6 16. e4 fxe4 17. fxe4 Ng8 18. Qb3 a6 19. e5 Be7 20. Ne4 Bc8 21. Ba5 Ka7 22. N4c3 1-0

[Event "CRO-chT3 Center-A"]
[Site "Zagreb"]
[Date "2011.10.23"]
[Round "10.31"]
[White "Soldo, Robert"]
[Black "Sribar, Peter"]
[Result "0-1"]
[WhiteElo "2200"]
[BlackElo "2176"]
[PlyCount "100"]
[EventDate "2011.03.13"]
[EventType "team-tourn"]
[EventRounds "11"]
[EventCountry "CRO"]
[SourceTitle "EXT 2014"]
[Source "ChessBase"]
[SourceDate "2013.11.20"]
[SourceVersion "1"]
[SourceVersionDate "2013.11.20"]
[SourceQuality "1"]

1. d4 d5 2. c4 e6 3. Nc3 Nf6 4. cxd5 exd5 5. Bg5 Be7 6. e3 0-0 7. Qc2 c6 8. Bd3 Nbd7 9. Nf3 Re8 10. Ne5 Nf8 11. 0-0 Nh5 12. Bxe7 Qxe7 13. Rae1 Nf6 14. f4 Bd7 15. b4 a5 16. b5 cxb5 17. Bxb5 Bxb5 18. Nxb5 Rec8 19. Qb3 a4 20. Qd3 Ne4 21. Rc1 Nd7 22. Nc3 Nxc3 23. Rxc3 Nf6 24. Rfc1 Qe8 25. Qf5 Rxc3 26. Rxc3 Qd8 27. h3 g6 28. Qc2 Ne8 29. Rc5 Kg7 30. f5 b6 31. Rc6 Nd6 32. fxg6 hxg6 33. Qf2 Ra7 34. Qf4 Ne4 35. Ng4 b5 36. Qh6+ Kg8 37. Ne5 Qf8 38. Qf4 b4 39. Rb6 g5 40. Qf5 b3 41. axb3 a3 42. Nd7 Qe7 43. Qxd5 a2 44. Rb8+ Kg7 45. Ne5 a1Q+ 46. Kh2 Qe1 47. Qxe4 Qh4 48. Qf5 Qe6 49. Qf3 g4 50. Qf1 f6 0-1

[Event "Hum na Sutli op"]
[Site "Hum na Sutli"]
[Date "2010.11.23"]
[Round "4"]
[White "Tisljar, Stjepan"]
[Black "Sribar, Peter"]
[Result "1-0"]
[WhiteElo "2066"]
[BlackElo "2183"]
[PlyCount "79"]
[EventDate "2010.11.20"]
[EventType "swiss"]
[EventRounds "9"]
[EventCountry "CRO"]
[SourceTitle "CBM 139 Extra"]
[Source "ChessBase"]
[SourceDate "2011.01.05"]
[SourceVersion "1"]
[SourceVersionDate "2011.01.05"]
[SourceQuality "1"]

1. e4 c5 2. c4 Nc6 3. Ne2 g6 4. g3 Bg7 5. Bg2 d6 6. 0-0 h5 7. h3 e5 8. d3 Be6 9. Nbc3 Qd7 10. Kh2 f5 11. Bg5 Nf6 12. f4 Nh7 13. Bh4 Bf6 14. Nd5 Bxd5 15. Bxf6 Nxf6 16. exd5 Ne7 17. Qd2 h4 18. gxh4 0-0-0 19. fxe5 dxe5 20. Qa5 b6 21. Qa6+ Kb8 22. b4 cxb4 23. a3 b3 24. Rab1 Qd6 25. Kh1 Nd7 26. d4 exd4 27. Nxd4 Nc5 28. Qb5 Rxh4 29. Nxb3 Nxb3 30. Rxb3 Rc8 31. Rc1 Rc5 32. Qa6 Nc8 33. a4 Kc7 34. Bf1 Ra5 35. c5 Qxd5+ 36. Bg2 Qxb3 37. cxb6+ Kd6 38. Rc6+ Ke5 39. Qxa5+ Kf4 40. Qd2+ 1-0

[Event "Hum na Sutli op"]
[Site "Hum na Sutli"]
[Date "2010.11.22"]
[Round "3"]
[White "Sribar, Peter"]
[Black "Turk, Tajana"]
[Result "1-0"]
[WhiteElo "2183"]
[BlackElo "1772"]
[PlyCount "59"]
[EventDate "2010.11.20"]
[EventType "swiss"]
[EventRounds "9"]
[EventCountry "CRO"]
[SourceTitle "CBM 139 Extra"]
[Source "ChessBase"]
[SourceDate "2011.01.05"]
[SourceVersion "1"]
[SourceVersionDate "2011.01.05"]
[SourceQuality "1"]

1. d4 d5 2. c4 c6 3. Nf3 Nf6 4. Nc3 dxc4 5. a4 Bf5 6. Ne5 e6 7. Nxc4 Be7 8. f3 Bg6 9. e4 0-0 10. Be3 Nbd7 11. Be2 Qc7 12. 0-0 Rfd8 13. Qb3 a5 14. Rac1 Bb4 15. Rfd1 Bxc3 16. bxc3 Ne8 17. Rb1 Rab8 18. Qa3 f5 19. Qe7 Bf7 20. e5 b6 21. Bc1 c5 22. Ba3 h6 23. Nd6 Nxd6 24. exd6 Qc8 25. Bb5 Nf6 26. dxc5 bxc5 27. d7 Qc7 28. c4 Nxd7 29. Rd6 Rb7 30. Rbd1 1-0

[Event "Hum na Sutli op"]
[Site "Hum na Sutli"]
[Date "2010.11.21"]
[Round "2"]
[White "Turk, Karlo"]
[Black "Sribar, Peter"]
[Result "1/2-1/2"]
[WhiteElo "1950"]
[BlackElo "2183"]
[PlyCount "93"]
[EventDate "2010.11.20"]
[EventType "swiss"]
[EventRounds "9"]
[EventCountry "CRO"]
[SourceTitle "CBM 139 Extra"]
[Source "ChessBase"]
[SourceDate "2011.01.05"]
[SourceVersion "1"]
[SourceVersionDate "2011.01.05"]
[SourceQuality "1"]

1. d4 e6 2. Nf3 b6 3. Bg5 Be7 4. Bxe7 Qxe7 5. Nbd2 f5 6. e3 Nf6 7. c4 Bb7 8. Bd3 0-0 9. 0-0 c5 10. Rc1 d6 11. Qc2 Nbd7 12. Rfd1 Rac8 13. b3 d5 14. dxc5 Nxc5 15. Ne5 Nxd3 16. Qxd3 dxc4 17. Ndxc4 Bd5 18. Nd2 Qb4 19. f3 g6 20. Rc2 Rc5 21. Rdc1 Rfc8 22. Rxc5 Rxc5 23. Rxc5 Qxc5 24. Qd4 Qxd4 25. exd4 Kf8 26. Kf2 f4 27. Nb1 Ne8 28. Nc3 Nd6 29. Nxd5 exd5 30. Nd3 g5 31. Nb4 Nb5 32. Nxd5 Nxd4 33. h4 h6 34. hxg5 hxg5 35. Nf6 Kf7 36. Ne4 Kg6 37. Nd6 b5 38. Ke1 g4 39. fxg4 Kg5 40. Nc8 a5 41. Nd6 Kxg4 42. Kf2 a4 43. bxa4 bxa4 44. Nc4 Ne6 45. Nb6 Nc5 46. a3 Ne4+ 47. Kg1 1/2-1/2

[Event "CRO-chT3A Center"]
[Site "Zagreb"]
[Date "2010.10.17"]
[Round "7.31"]
[White "Sribar, Peter"]
[Black "Soldo, Robert"]
[Result "0-1"]
[WhiteElo "2199"]
[BlackElo "2207"]
[PlyCount "106"]
[EventDate "2010.03.21"]
[EventType "team-tourn"]
[EventRounds "11"]
[EventCountry "CRO"]
[SourceTitle "EXT 2012"]
[Source "ChessBase"]
[SourceDate "2011.11.24"]
[SourceVersion "1"]
[SourceVersionDate "2011.11.24"]
[SourceQuality "1"]

1. d4 Nf6 2. c4 e6 3. Nc3 Bb4 4. e3 c5 5. Bd3 0-0 6. Nf3 d5 7. 0-0 cxd4 8. exd4 dxc4 9. Bxc4 b6 10. Bg5 Bb7 11. Ne5 Nc6 12. Nxc6 Bxc6 13. Qb3 Bxc3 14. bxc3 Bb7 15. Rfe1 Rc8 16. Re3 Qc7 17. Bxf6 gxf6 18. Be2 Kh8 19. Bf3 Rg8 20. d5 Qf4 21. Rd1 e5 22. Qb4 Qxb4 23. cxb4 Rgd8 24. g3 a6 25. Kg2 Kg7 26. d6 Bxf3+ 27. Kxf3 Rc6 28. d7 Kf8 29. Re4 Rc3+ 30. Re3 Rc6 31. Re4 Ke7 32. Rh4 Rc3+ 33. Ke4 Rxd7 34. Rxd7+ Kxd7 35. Kd5 Rc2 36. f4 Rd2+ 37. Ke4 Rxa2 38. fxe5 Re2+ 39. Kf5 fxe5 40. Rxh7 Kc6 41. h4 Kd5 42. Rxf7 Rf2+ 43. Kg6 Rxf7 44. Kxf7 e4 45. h5 e3 46. h6 e2 47. h7 e1Q 48. h8Q Qe6+ 49. Kf8 Qc8+ 50. Kg7 Qc3+ 51. Kh7 Qxh8+ 52. Kxh8 a5 53. bxa5 bxa5 0-1

[Event "CRO-chT3A Center"]
[Site "Zagreb"]
[Date "2010.04.25"]
[Round "6.41"]
[White "Sebenik, Matej"]
[Black "Sribar, Peter"]
[Result "1-0"]
[WhiteElo "2504"]
[BlackElo "2199"]
[PlyCount "53"]
[EventDate "2010.03.21"]
[EventType "team-tourn"]
[EventRounds "11"]
[EventCountry "CRO"]
[SourceTitle "EXT 2012"]
[Source "ChessBase"]
[SourceDate "2011.11.24"]
[SourceVersion "1"]
[SourceVersionDate "2011.11.24"]
[SourceQuality "1"]

1. d4 d5 2. c4 e6 3. Nf3 Nf6 4. g3 dxc4 5. Bg2 a6 6. 0-0 Nc6 7. e3 Bd7 8. Nc3 Bb4 9. Qe2 Nd5 10. Rd1 b5 11. e4 Nxc3 12. bxc3 Bxc3 13. d5 exd5 14. Bg5 f6 15. exd5+ Ne7 16. Rac1 Bb4 17. Nd4 fxg5 18. Ne6 Bxe6 19. dxe6 Bd6 20. Qf3 Rf8 21. Qxa8 Qxa8 22. Bxa8 Rf6 23. Bb7 Bc5 24. Bxa6 c6 25. Rc2 Rxe6 26. a4 Nd5 27. Bxb5 1-0

[Event "CRO-chT3A Center"]
[Site "Zagreb"]
[Date "2010.03.28"]
[Round "2.21"]
[White "Medic, Mirjana"]
[Black "Sribar, Peter"]
[Result "1-0"]
[WhiteElo "2314"]
[BlackElo "2199"]
[PlyCount "69"]
[EventDate "2010.03.21"]
[EventType "team-tourn"]
[EventRounds "11"]
[EventCountry "CRO"]
[SourceTitle "EXT 2012"]
[Source "ChessBase"]
[SourceDate "2011.11.24"]
[SourceVersion "1"]
[SourceVersionDate "2011.11.24"]
[SourceQuality "1"]

1. d4 d5 2. c4 e6 3. Nc3 Nf6 4. Nf3 Nbd7 5. Bf4 dxc4 6. e3 Nd5 7. Bxc4 Nxf4 8. exf4 Nf6 9. 0-0 Be7 10. f5 exf5 11. Ng5 Be6 12. Bxe6 fxe6 13. Nxe6 Qd7 14. Qb3 c6 15. Nxg7+ Kd8 16. Ne6+ Kc8 17. Nc5 Bxc5 18. dxc5 Re8 19. Rad1 Qe6 20. Qa4 Kc7 21. h3 Qe5 22. Rc1 f4 23. Qa5+ b6 24. Qa6 b5 25. Qa5+ Kb8 26. Nxb5 cxb5 27. Qxb5+ Kc7 28. Qa5+ Kc8 29. Rce1 Ne4 30. f3 Qd4+ 31. Kh2 Nf6 32. Qa6+ Kc7 33. Rd1 Qe5 34. Rfe1 Qg5 35. Qd6+ 1-0

[Event "Zagreb op-B"]
[Site "Zagreb"]
[Date "2010.03.03"]
[Round "8"]
[White "Ivekovic, Bozidar1111"]
[Black "Sribar, Peter"]
[Result "1/2-1/2"]
[WhiteElo "2042"]
[BlackElo "2199"]
[PlyCount "71"]
[EventDate "2010.02.25"]
[EventType "swiss"]
[EventRounds "9"]
[EventCountry "CRO"]
[SourceTitle "CBM 135 Extra"]
[Source "ChessBase"]
[SourceDate "2010.05.04"]
[SourceVersion "1"]
[SourceVersionDate "2010.05.04"]
[SourceQuality "1"]

1. e4 b6 2. d4 Bb7 3. Nc3 e6 4. Nf3 Bb4 5. Bd3 c5 6. Bd2 cxd4 7. Nb5 Be7 8. e5 Nc6 9. Nbxd4 f6 10. 0-0 Qc7 11. Nb5 Qb8 12. Bf4 Nh6 13. Bxh6 gxh6 14. Nd6+ Bxd6 15. exd6 Nd8 16. Re1 Nf7 17. Bb5 Kd8 18. Qd4 e5 19. Qg4 Qxd6 20. Rad1 Bd5 21. Bc4 Qe6 22. Qxe6 dxe6 23. Rxd5+ exd5 24. Bxd5 Ke7 25. Bxa8 Rxa8 26. Rd1 Rc8 27. c3 Ke6 28. Kf1 Ng5 29. Ke2 Ne4 30. Ne1 h5 31. Nd3 Rg8 32. g3 h4 33. gxh4 Nd6 34. Ne1 Rg4 35. Nf3 Re4+ 36. Kf1 1/2-1/2

[Event "Zagreb op-B"]
[Site "Zagreb"]
[Date "2008.05.19"]
[Round "9"]
[White "Sribar, Peter"]
[Black "Curic, Drazen"]
[Result "0-1"]
[WhiteElo "2228"]
[BlackElo "2204"]
[PlyCount "91"]
[EventDate "2008.05.12"]
[EventType "swiss"]
[EventRounds "9"]
[EventCountry "CRO"]
[SourceTitle "CBM 124 Extra"]
[Source "ChessBase"]
[SourceDate "2008.07.03"]
[SourceVersion "1"]
[SourceVersionDate "2008.07.03"]
[SourceQuality "1"]

1. d4 Nf6 2. c4 c5 3. d5 Ne4 4. f3 Qa5+ 5. Nd2 Nd6 6. e4 g6 7. Kf2 Bg7 8. Nb3 Qc7 9. Bd3 b5 10. Bf4 bxc4 11. Bxd6 Qxd6 12. Bxc4 Bxb2 13. Rb1 Bg7 14. Ne2 Qc7 15. Qd2 d6 16. Qa5 Qb6 17. Qa3 0-0 18. Na5 Qc7 19. Rb3 Nd7 20. Rhb1 Nb6 21. Qc1 f5 22. exf5 Bxf5 23. Bd3 Bxd3 24. Rxd3 c4 25. Ra3 Qc5+ 26. Qe3 Qxe3+ 27. Kxe3 Nxd5+ 28. Ke4 Nb6 29. Nc6 d5+ 30. Ke3 e5 31. Nxa7 d4+ 32. Ke4 Nc8 33. Nb5 Nd6+ 34. Nxd6 Rxa3 35. Nxc4 Rxa2 36. Kd3 Rc8 37. Rd1 Rc6 38. g4 Rca6 39. Rb1 Rc6 40. Re1 Ra4 41. Rc1 Kf8 42. h4 Ke7 43. Ng3 Ke6 44. Ne4 Kd5 45. Ned2 Ra3+ 46. Ke2 0-1

[Event "Zagreb op-B"]
[Site "Zagreb"]
[Date "2008.05.17"]
[Round "6"]
[White "Levar, Nenad"]
[Black "Sribar, Peter"]
[Result "0-1"]
[WhiteElo "2183"]
[BlackElo "2228"]
[PlyCount "90"]
[EventDate "2008.05.12"]
[EventType "swiss"]
[EventRounds "9"]
[EventCountry "CRO"]
[SourceTitle "CBM 124 Extra"]
[Source "ChessBase"]
[SourceDate "2008.07.03"]
[SourceVersion "1"]
[SourceVersionDate "2008.07.03"]
[SourceQuality "1"]

1. Nf3 c5 2. c4 g6 3. Nc3 Bg7 4. g3 Nc6 5. Bg2 e6 6. 0-0 Nge7 7. d3 0-0 8. Bd2 d5 9. cxd5 exd5 10. Rc1 b6 11. a3 Bb7 12. Bf4 h6 13. h4 d4 14. Nb1 Nd5 15. Bd2 Re8 16. Re1 Qd6 17. Rc2 Re7 18. Qc1 Kh7 19. Bf4 Nxf4 20. Qxf4 Qxf4 21. gxf4 Rae8 22. Kf1 Bf6 23. Nbd2 Nd8 24. Nc4 Bxf3 25. Bxf3 Ne6 26. f5 Nf4 27. fxg6+ fxg6 28. h5 gxh5 29. Be4+ Kh8 30. Nd6 Rg8 31. Nf5 Rxe4 32. dxe4 h4 33. e3 d3 34. Rd2 h3 35. f3 Ng2 36. Rc1 c4 37. f4 Bxb2 38. Rcd1 Bxa3 39. Kf2 Bc5 40. Kf3 Bb4 41. Ra2 Ne1+ 42. Rxe1 Bxe1 43. Ra1 Rg1 44. Rxa7 h2 45. Ra8+ Rg8 0-1